UM Logo

Remedial direct torque control for dual three-phase permanent-magnet motor with harmonic torque suppression / (Record no. 19910)

MARC details
000 -LEADER
fixed length control field 01004nam a22002297a 4500
003 - CONTROL NUMBER IDENTIFIER
control field OSt
005 - DATE AND TIME OF LATEST TRANSACTION
control field 20250918155050.0
008 - FIXED-LENGTH DATA ELEMENTS--GENERAL INFORMATION
fixed length control field 240401b ||||| |||| 00| 0 eng d
040 ## - CATALOGING SOURCE
Transcribing agency 0
082 ## - DEWEY DECIMAL CLASSIFICATION NUMBER
Classification number DPer 621.381 In821 September 2022 v. 37 n. 9
100 ## - MAIN ENTRY--PERSONAL NAME
Personal name Huang, Linsen.
Relator term author.
9 (RLIN) 55580
245 ## - TITLE STATEMENT
Title Remedial direct torque control for dual three-phase permanent-magnet motor with harmonic torque suppression /
Statement of responsibility, etc. Linsen Huang, Jinghua Ji, Tao Tao, Yuxuan Du, and Wenxiang Zhao.
260 ## - PUBLICATION, DISTRIBUTION, ETC. (IMPRINT)
Place of publication, distribution, etc. New York ;
Name of publisher, distributor, etc. The Institute of Electrical and Electronics Engineers, Inc. ,
Date of publication, distribution, etc. September 2022.
300 ## - PHYSICAL DESCRIPTION
Extent Volume 37, pages 11085-11097 :
Other physical details illustration ;
Dimensions 28 cm.
500 ## - GENERAL NOTE
General note IEEE Transitions on Power Electronics, v. 37 n. 9, pages 11085-11097, September 2022.
700 ## - ADDED ENTRY--PERSONAL NAME
Personal name Huang, Linsen.
Relator term author.
9 (RLIN) 55580
700 ## - ADDED ENTRY--PERSONAL NAME
Personal name Ji, Jinghua.
Relator term author.
9 (RLIN) 55581
700 ## - ADDED ENTRY--PERSONAL NAME
Personal name Tao, Tao.
Relator term author.
9 (RLIN) 55582
700 ## - ADDED ENTRY--PERSONAL NAME
Personal name Du, Yuxuan.
Relator term author.
9 (RLIN) 55583
700 ## - ADDED ENTRY--PERSONAL NAME
Personal name Zhao, Wenxiang.
Relator term author.
9 (RLIN) 55584
942 ## - ADDED ENTRY ELEMENTS (KOHA)
Source of classification or shelving scheme Dewey Decimal Classification
Koha item type Periodicals
Holdings
Withdrawn status Lost status Source of classification or shelving scheme Damaged status Not for loan Collection code Home library Current library Date acquired Total Checkouts Full call number Date last seen Price effective from Koha item type Public note
    Dewey Decimal Classification     Periodicals UM Digos College - LIC UM Digos College - LIC 04/01/2024   DPer 621.381 In821 September 2022 v. 37 n. 9 04/01/2024 04/01/2024 Periodicals Periodical Article